Планирование инвестиций: учебное пособие; пер. с англ.

Bibliographische Detailangaben
1. Verfasser: Холт Р. Роберт
Weitere Verfasser: Барнес С. Сет
Zusammenfassung:Исключено из фонда НТБ ТПУ
Sprache:Russisch
Veröffentlicht: Москва, Дело Лтд, 1994
Format: MixedMaterials Buch
KOHA link:https://koha.lib.tpu.ru/cgi-bin/koha/opac-detail.pl?biblionumber=18146

MARC

LEADER 00000nam0a2200000 4500
001 18146
005 20231030191200.0
010 |a 5864611549 
035 |a (RuTPU)RU\TPU\book\18295 
035 |a BOOK00002983 
090 |a 18146 
100 |a 20011209d1994 m y0rusy50 ca 
101 1 |a rus  |c eng 
102 |a RU 
105 |a y j 000zy 
200 1 |a Планирование инвестиций  |e учебное пособие  |e пер. с англ.  |f Р. Холт, С. Барнес 
210 |a Москва  |c Дело Лтд  |d 1994 
215 |a 120 с. 
333 |a Исключено из фонда НТБ ТПУ 
700 1 |a Холт  |b Р.  |g Роберт 
701 1 |a Барнес  |b С.  |g Сет 
801 0 |a RU  |b 63413507  |c 20011209  |g PSBO 
801 2 |a RU  |b 63413507  |c 20170601  |g PSBO 
942 |c BK